| 000 | 01295aam a2200325 i 4500 | ||
|---|---|---|---|
| 001 | 768714001 | ||
| 003 | CO-MdFUSB | ||
| 005 | 20250915094612.0 | ||
| 008 | 180822b2006 xxu||||| |||| 00| 0 spa d | ||
| 020 | _a1-55883-118-5 | ||
| 040 |
_aCO-MdFUSB _bspa _cCO-MdFUSB _dCO-MdFUSBC _erda |
||
| 041 | 0 |
_aspa _heng |
|
| 082 | 0 | 4 |
_a251 _221 _bS8885p |
| 100 | 1 |
_aStott, John R. W. _eautor |
|
| 240 | _aI Believe in Preaching. | ||
| 245 | 1 | 0 |
_aLa predicación : _bpuente entre dos mundos _c / John R. W. Stott ; traducido por Anabella Rivas |
| 264 | 1 |
_aGrand Rapids, MI., USA : _bDesafío, _c[2000] |
|
| 264 | 4 | _c©2006 | |
| 300 |
_a341 Páginas _c; 23 cm |
||
| 336 |
_atexto _btxt _2rdacontent |
||
| 337 |
_2rdamedia _asin mediación _bn |
||
| 338 |
_2rdacarrier _avolumen _bnc |
||
| 505 | _aLa gloria de la predicación: un esbozo histórico. --Objeciones contemporáneas a la predicación. --Fundamentos teológicos para la predicación. --La predicación como puente de comunicación. -- El llamado al estudio. -- La preparación de sermones. -- Sinceridad y seriedad. -- Valor y humildad. | ||
| 563 | _arústico | ||
| 650 | 0 |
_954 _aPredicación |
|
| 650 | 7 |
_aEnseñanza bíblica _91266 |
|
| 700 |
_aRivas Rendel, Anabella. _93002 _etraductor |
||
| 942 | _cBK | ||
| 945 | _aJTF-925 | ||
| 999 |
_c36393 _d36393 |
||